El Greco 1541-1614

Guardat en:
Dades bibliogràfiques
Autor principal: Matthews, John Floyd (autor)
Format: Llibre
Idioma:espanyol
Publicat: Barcelona Timun Mas 1961
Col·lecció:<El >Libro de Arte de Bolsillo
Matèries:
Etiquetes: Afegir etiqueta
Sense etiquetes, Sigues el primer a etiquetar aquest registre!

MARC

LEADER 00000nam a2200000 a 4500
001 UCZ1473
003 CL-VaPUC
008 950824e19610000SP |||||||||||||||||spa|d
082 0 4 |a 759.6  |b MAT  |2 21 
100 |a Matthews, John Floyd  |e autor  |9 345049 
245 1 0 |a El Greco 1541-1614 
300 |a p.v 
942 |c BK 
945 |d 19950824 00:00:00  |a rbrito 
260 |a Barcelona  |b Timun Mas  |c 1961 
600 0 |a El Greco   |9 341177 
600 0 7 |a THEOTOCOPULI, DOMENICO  |2 CL-VaPUC  |9 341178 
650 0 |a Pintura española   |9 315217 
650 0 |a Pintores españoles  |9 315216 
583 |a last modification  |c 19950824 00:00:00  |k Rodrigo Vera 
490 0 |a <El >Libro de Arte de Bolsillo 
999 |c 238217  |d 238215 
952 |0 0  |1 0  |4 0  |6 759_600000000000000_MAT_1961  |7 0  |8 A  |9 248248  |a BIBART  |b BIBART  |d 2019-11-18  |i 3107108  |o 759.6 MAT 1961  |p 3107108  |r 2025-03-13  |w 2019-11-18  |y BK  |k ART